000 00590nam a2200181Ia 4500
003 GCL
008 140319s9999 xx 000 0 ara d
040 _aGCL /
_cGCL
082 0 4 _a811.9
_bف ى
100 1 _aفؤاد حداد
245 1 0 _aديوان ام نبات /
_cفؤاد حداد
260 _aالقاهرة :
_bدار قباء للطباعة والنشر والتوزيع ،
_c1999
300 _a160 ص ؛
_c19 سم
650 0 4 _aالشعر العربى
650 0 4 _aالادب العربى
650 0 4 _aالشعر العربى - دواوين وقصائد
942 _2ddc
_cBK
999 _c1487
_d1487